[Event "Challenge"]
[Site "http://www.queenalice.com/game.php?id=439141"]
[Date "2008.7.26"]
[Round "-"]
[White "JesterMike"]
[Black "ClappinTheCaptain"]
[Result "1-0"]
[WhiteElo "1701"]
[BlackElo "1798"]

1. e4 c5 2. c4 d6 3. Nc3 Nc6 4. Qa4 Bd7 5. Qd1 h5 6. Bd3 Ne5 7. Be2 Nf6 8. Nf3
Bc6 9. Ng5 g6 10. f4 Ned7 11. Bf3 Nb6 12. Qb3 Qd7 13. O-O Ba4 14. Nxa4 Nxa4 15.
Re1 Nb6 16. a4 e5 17. d3 Bh6 18. a5 Nc8 19. Bd1 Bxg5 20. fxg5 Nh7 21. a6 Nb6 22.
axb7 Qxb7 23. Be3 f6 24. Qb5+ Ke7 25. Ba4 Nxg5 26. Bxg5 fxg5 27. b4 Qd7 28. bxc5
Qxb5 29. Bxb5 dxc5 30. Bc6 a5 31. Bxa8 Rxa8 32. Reb1 Nd7 33. Rb7 a4 34. Kf2 g4
35. Kg3 g5 36. Ra3 h4+ 37. Kxg4 Rb8 38. Rxb8 Nxb8 39. Kxg5 h3 40. gxh3 Na6 41.
Rxa4 Nc7 42. Kg6 Ne6 43. h4 Nf8+ 44. Kf5 Nd7 45. h5 Ke8 46. h6 Kf8 47. Kg6 Kg8
48. h7+ Kh8 49. Ra8+ 1-0

[Event "Challenge"]
[Site "http://www.queenalice.com/game.php?id=439142"]
[Date "2008.7.26"]
[Round "-"]
[White "TinyDemons"]
[Black "JesterMike"]
[Result "1-0"]
[WhiteElo "1834"]
[BlackElo "1701"]

1. d4 d5 2. Nc3 e6 3. Nf3 Nc6 4. e4 f6 5. Bb5 Ne7 6. O-O a6 7. Ba4 b5 8. Bb3 Bb7
9. Re1 Na5 10. Nd2 Bc6 11. e5 Nf5 12. Ne2 Nc4 13. c3 fxe5 14. Bxc4 dxc4 15. dxe5
Qh4 16. g3 Qh3 17. Nf4 Qh6 18. Ne4 Rd8 19. Qe2 g5 20. Nxg5 Bd5 21. Nxd5 Rxd5 22.
Nf7 Qg7 23. Nxh8 Qxh8 24. Qh5+ Kd7 25. Bf4 Qg7 26. Rad1 c6 27. Rxd5+ cxd5 28.
Qg5 h6 29. Qxg7+ Bxg7 30. Kg2 Ne7 31. Kh3 Kc6 32. Be3 Ng6 33. f4 a5 34. Kg4 Ne7
35. Kh5 Bf8 36. g4 b4 37. g5 Nf5 38. g6 Bg7 39. Bf2 b3 40. a4 Kd7 41. Bb6 Kc6
42. Bxa5 Kd7 43. Bb4 Kc6 44. a5 Kb5 45. Ra1 d4 46. a6 dxc3 47. Bxc3 Nd6 48. a7
1-0

[Event "Challenge"]
[Site "http://www.queenalice.com/game.php?id=461525"]
[Date "2008.9.11"]
[Round "-"]
[White "wellcome"]
[Black "JesterMike"]
[Result "0-1"]
[WhiteElo "1620"]
[BlackElo "1778"]

1. e3 e5 2. Bd3 d5 3. f3 Nf6 4. Nc3 Nc6 5. Bb5 Bd7 6. Bxc6 Bxc6 7. a3 d4 8. exd4
Qxd4 9. Nge2 Qh4+ 10. g3 Qh5 11. Ng1 O-O-O 12. g4 Qh4+ 13. Ke2 e4 14. Kf1 exf3
15. Nxf3 Qh3+ 16. Kf2 Nxg4+ 17. Kg1 Bxf3 18. Qf1 Qxf1+ 19. Kxf1 Bxh1 20. Nb5 Kb8
21. d4 Bc6 22. Bg5 f6 0-1

[Event "Challenge"]
[Site "http://www.queenalice.com/game.php?id=464680"]
[Date "2008.9.17"]
[Round "-"]
[White "JesterMike"]
[Black "thebrain"]
[Result "0-1"]
[WhiteElo "1765"]
[BlackElo "1500"]

1. e4 e5 2. Nf3 Nc6 3. Nc3 Nf6 4. b3 Bb4 5. Bb2 O-O 6. a3 Bxc3 7. Bxc3 Nxe4 8.
Bxe5 Re8 9. d3 Nc3 10. Kd2 Nxd1 0-1

[Event "AUTO-INT-863"]
[Site "http://www.queenalice.com/game.php?id=471256"]
[Date "2008.10.1"]
[Round "2"]
[White "JesterMike"]
[Black "Jackzapo"]
[Result "1-0"]
[WhiteElo "1796"]
[BlackElo "1906"]

1. d4 Nf6 2. Nc3 d5 3. Nf3 c5 4. dxc5 Qc7 5. Nxd5 Nxd5 6. Qxd5 e6 7. Qc4 Qxc5 8.
e4 Nc6 9. Bd2 Be7 10. Bd3 O-O 11. O-O Qxc4 12. Bxc4 Rd8 13. Bc3 a6 14. a3 b5 15.
Bd3 Bb7 16. Rfe1 Rac8 17. e5 Nb8 18. Be4 Bxe4 19. Rxe4 Nd7 20. Rd4 Nf8 21. Rxd8
Rxd8 22. g3 Ng6 23. a4 b4 24. Be1 Bc5 25. Kg2 Ne7 26. b3 h6 27. Nd2 Nc6 28. Ne4
Bb6 29. f4 Nd4 30. Rc1 a5 31. Bf2 Rc8 32. Bxd4 Bxd4 33. Nd6 Rc3 34. Nb5 Bc5 35.
Nxc3 bxc3 36. Rd1 Kf8 37. Kf3 Ke7 38. h4 g6 39. g4 f6 40. Rd3 Bb4 41. Rd4 f5 42.
Rc4 Kd7 43. h5 gxh5 44. gxh5 Kd8 45. Rc6 Kd7 46. Ra6 Ke7 47. Ra7+ Ke8 48. Rh7
Bf8 49. Ke3 Bb4 50. Rxh6 Kf7 51. Rf6+ 1-0

[Event "AUTO-INT-863"]
[Site "http://www.queenalice.com/game.php?id=471257"]
[Date "2008.10.1"]
[Round "2"]
[White "Jackzapo"]
[Black "JesterMike"]
[Result "1-0"]
[WhiteElo "1899"]
[BlackElo "1814"]

1. d4 d5 2. c4 dxc4 3. Nc3 Nf6 4. e3 e6 5. Bxc4 Bd6 6. Nf3 O-O 7. O-O a6 8. a4
Nc6 9. b3 Re8 10. Re1 Bb4 11. Bd2 Qd6 12. Qc2 e5 13. dxe5 Nxe5 14. Nxe5 Rxe5 15.
Rad1 c6 16. e4 Ng4 17. Bf4 Qf6 18. Bxe5 Qxe5 19. Rd8+ Bf8 20. g3 Nxh2 21. Kxh2
Qh5+ 22. Kg1 Bg4 23. Rxf8+ Rxf8 24. Be2 Bf3 25. Bxf3 Qxf3 26. Re3 Qh5 27. Qe2
Qc5 28. e5 g6 29. Ne4 Qxe5 30. Nd2 Qd5 31. Re7 b5 32. axb5 axb5 33. Qe3 Kg7 34.
Nf3 h6 35. Ne5 b4 36. Qd3 Kg8 37. Qxd5 cxd5 38. Rd7 f6 39. Nxg6 Rf7 40. Rxd5 Kh7
41. Nf4 Re7 42. Rb5 Re5 43. Rxe5 fxe5 44. Nd5 Kg6 45. Nxb4 Kf5 46. Nc6 e4 47. b4
Ke6 48. Kf1 Kd5 49. Ne7+ Kc4 50. Nf5 h5 51. Nd6+ Kd5 52. Nf7 1-0

[Event "AUTO-INT-863"]
[Site "http://www.queenalice.com/game.php?id=471258"]
[Date "2008.10.1"]
[Round "2"]
[White "JesterMike"]
[Black "luizantoniosetti"]
[Result "0-1"]
[WhiteElo "1808"]
[BlackElo "2146"]

1. e4 e6 2. d4 d5 3. Nf3 dxe4 4. Ng5 Nf6 5. Nc3 Bb4 6. Bd2 Qxd4 7. Nb5 Bxd2+ 8.
Qxd2 Qxd2+ 9. Kxd2 Na6 10. Re1 O-O 11. Kc1 Rd8 12. Nxe4 Nxe4 13. Rxe4 Bd7 14.
Bd3 Nc5 15. Rb4 Nxd3+ 16. cxd3 Bxb5 17. Rxb5 b6 18. Rd1 Rd4 19. f3 Rad8 20. Rb3
c5 21. Kc2 c4 22. Rc3 b5 23. a3 a5 24. b3 cxd3+ 25. Rdxd3 Rxd3 26. Rxd3 Rc8+ 27.
Kb2 Kf8 28. Rc3 Rxc3 29. Kxc3 Ke7 30. Kd4 Kd6 31. f4 f6 32. g4 e5+ 33. Ke4 g5
34. f5 Kc5 35. Kd3 Kd5 36. h3 b4 37. axb4 axb4 38. Ke3 e4 0-1

[Event "AUTO-INT-863"]
[Site "http://www.queenalice.com/game.php?id=471259"]
[Date "2008.10.1"]
[Round "2"]
[White "luizantoniosetti"]
[Black "JesterMike"]
[Result "1-0"]
[WhiteElo "2162"]
[BlackElo "1816"]

1. b3 d5 2. Bb2 d4 3. Nf3 Nc6 4. e3 e5 5. exd4 exd4 6. Bb5 Bd7 7. Qe2+ Be7 8.
O-O a6 9. Bxc6 Bxc6 10. Bxd4 Nf6 11. Re1 Bxf3 12. gxf3 Kf8 13. Nc3 Ng8 14. Qe4
c5 15. Be3 Rb8 16. Bf4 Bd6 17. Nd5 Nf6 18. Nxf6 Qxf6 19. Bxd6+ Qxd6 20. Re2 Re8
21. Qxe8# 1-0

[Event "AUTO-INT-863"]
[Site "http://www.queenalice.com/game.php?id=471260"]
[Date "2008.10.1"]
[Round "2"]
[White "JesterMike"]
[Black "joeking"]
[Result "1-0"]
[WhiteElo "1819"]
[BlackElo "1728"]

1. d4 g6 2. e4 d5 3. e5 c5 4. Bb5+ Bd7 5. a4 Nc6 6. Nf3 c4 7. Nc3 a6 8. Bxc6
bxc6 9. O-O Bg7 10. Qe2 Nh6 11. Bg5 O-O 12. b4 f6 13. exf6 exf6 14. Bf4 Nf7 15.
Qe3 Re8 16. Qd2 Bg4 17. Qd1 Qd7 18. h3 Qf5 19. Nh4 Qxf4 20. Qxg4 Qxg4 21. hxg4
Rab8 22. b5 axb5 23. axb5 cxb5 24. Nxd5 1-0

[Event "AUTO-INT-863"]
[Site "http://www.queenalice.com/game.php?id=471261"]
[Date "2008.10.1"]
[Round "2"]
[White "joeking"]
[Black "JesterMike"]
[Result "0-1"]
[WhiteElo "1741"]
[BlackElo "1806"]

1. e4 e5 2. Nf3 Nc6 3. d4 Qf6 4. Bg5 Qd6 5. d5 Qb4+ 6. Nbd2 Nd4 7. Nxd4 Qxd4 8.
c3 Qb6 9. Nb3 f6 10. Be3 c5 11. Bc4 d6 12. O-O Nh6 13. h3 Be7 14. f4 O-O 15. f5
Nf7 16. h4 a5 17. a4 Bd7 18. g4 Nh8 19. Qd2 Rac8 20. Kg2 Qd8 21. Kh2 h6 22. Nc1
Qe8 23. Rg1 Nf7 24. Ne2 Bxa4 0-1

[Event "Challenge"]
[Site "http://www.queenalice.com/game.php?id=533168"]
[Date "2009.2.1"]
[Round "-"]
[White "general_zod"]
[Black "JesterMike"]
[Result "0-1"]
[WhiteElo "1585"]
[BlackElo "1831"]

1. e4 e5 2. Nf3 d6 3. Nc3 Nc6 4. d3 Be6 5. Be2 Nd4 6. O-O Nxe2+ 7. Qxe2 Be7 8.
Be3 c6 9. d4 Qa5 10. d5 cxd5 11. exd5 Bxd5 12. Rad1 Be6 13. a3 Nf6 14. Nb5 e4
15. Nfd4 Bd5 16. b4 Qd8 17. Nf5 a5 18. Nxg7+ Kf8 19. Nf5 h5 20. Bg5 Bc6 21. Bxf6
Bxf6 22. Rxd6 Qb6 23. Rxf6 Bxb5 24. Rxb6 Bxe2 25. Re1 Bg4 26. Nd6 axb4 27. axb4
Rh6 28. c4 Rg6 29. c5 Bf3 30. g3 e3 31. Rxe3 Ra1+ 32. Re1 Rxe1# 0-1

[Event "Challenge 2"]
[Site "http://www.queenalice.com/game.php?id=533264"]
[Date "2009.2.1"]
[Round "-"]
[White "general_zod"]
[Black "JesterMike"]
[Result "0-1"]
[WhiteElo "1655"]
[BlackElo "1837"]

1. e4 c5 2. d4 cxd4 3. Qxd4 Nc6 4. Qd1 e6 5. Nf3 d5 6. exd5 exd5 7. Be3 Bd6 8.
Nc3 Nf6 9. Bb5 Be6 10. Nd4 Bd7 11. O-O Bxh2+ 12. Kxh2 Ng4+ 13. Kg1 Nxd4 14.
Bxd7+ Kxd7 15. Bxd4 Qh4 16. Re1 Qh2+ 17. Kf1 Qh1+ 18. Ke2 Rhe8+ 19. Kd2 Qxg2 20.
Kc1 Rxe1 0-1

[Event "Challenge"]
[Site "http://www.queenalice.com/game.php?id=575874"]
[Date "2009.4.22"]
[Round "-"]
[White "JesterMike"]
[Black "knight401"]
[Result "1-0"]
[WhiteElo "1855"]
[BlackElo "1732"]

1. d4 d5 2. b3 e6 3. Nf3 h6 4. Bb2 Nf6 5. e3 c5 6. Ne5 Nc6 7. Bb5 Qc7 8. O-O Be7
9. Ba3 Nd7 10. f4 cxd4 11. exd4 Bxa3 12. Nxa3 O-O 13. Be2 a6 14. Bh5 Ndxe5 15.
fxe5 Nxe5 16. dxe5 Qc5+ 17. Kh1 Qxa3 18. Qd4 Bd7 19. h3 Qe7 20. h4 Rac8 21. c3
Rc7 22. a4 Be8 23. Rac1 f6 24. exf6 Rxf6 25. Rxf6 gxf6 26. Bxe8 Qxe8 27. Qxf6
Qf8 28. Qxe6+ Rf7 29. Qxd5 Kg7 30. b4 Rf1+ 31. Rxf1 Qxf1+ 32. Kh2 Qf4+ 33. Kh3
Qe3+ 34. Qf3 1-0